Zamestnanecké výhody ako súčasť motivácie vo vybranom podniku bakalárska práca

Uložené v:
Podrobná bibliografia
Hlavný autor: Zvara, Matej
Korporativný autor: Národohospodárska fakulta EU. Katedra sociálneho rozvoja a práce
Ďalší autori: Alexy, Július, 1926-2024
Médium: Kniha
Jazyk:Slovak
Vydavateľské údaje: Bratislava 2012
Tagy: Pridať tag
Žiadne tagy, Buďte prvý, kto otaguje tento záznam!

MARC

LEADER 00000nbm a2200000 4500
001 0156088
005 20161109111937.3
041 0 |a slo 
044 |a SK 
245 1 0 |a Zamestnanecké výhody ako súčasť motivácie vo vybranom podniku  |b bakalárska práca  |c Matej Zvara ; školiteľ: Július Alexy 
264 1 |a Bratislava  |c 2012 
300 |a 32 s. 
100 1 |a Zvara, Matej 
700 1 |a Alexy, Július, 1926-2024 
710 2 |a Národohospodárska fakulta EU. Katedra sociálneho rozvoja a práce